000 00534nam a2200181Ia 4500
999 _c34044
_d34044
003 OSt
005 20200825105724.0
008 190216s9999||||xx |||||||||||||| ||und||
020 _a9780521670494
040 _coclc
082 _a530.15
_bCAN/M
100 _aCantrell, C D
_94325
245 0 _aModern Mathematical Methods For Physicists And Engineers /
_cC D Cantrell
260 _bCambridge Uty Press,
_aUK:
_c2000.
300 _a763p
650 _aPhysics
942 _cBK
_2ddc
_h530.15
_iCAN/M
_k530.15
_mCAN/M